[Event "World Schools U17 2017"]
[Site "Iasi ROU"]
[Date "2017.04.28"]
[Round "7.9"]
[White "Amirzhanov,Rauan"]
[Black "Herath,Nipuna B B"]
[Result "0-1"]
[WhiteElo "1508"]
[BlackElo "1644"]

1.d4 Nf6 2.c4 e6 3.Nc3 d5 4.e3 Be7 5.Nf3 O-O 6.Bd3 c6 7.Qc2 dxc4 8.Bxc4 b5
9.Bd3 a6 10.Ne4 h6 11.O-O Qb6 12.Ne5 Bb7 13.Bd2 Nbd7 14.Nxf6+ Nxf6 15.b4 Bd6
16.f4 Qc7 17.Qb3 Qe7 18.Bc2 Rfd8 19.a3 c5 20.bxc5 Bxc5 21.dxc5 Rxd2 22.c6 Rc8
23.Nf3 Rxc2 24.Qxc2 Rxc6 25.Qb3 Qc7 26.Nd4 Rc3 27.Qb2 Rxe3 28.a4 Qb6 29.Kh1
Ng4 30.h3 Rxh3+ 31.Kg1 Rg3 32.Rf2 Nxf2 33.Qxf2 Rxg2+ 34.Qxg2 Bxg2 {#R} 0-1

[Event "World Schools U17 2017"]
[Site "Iasi ROU"]
[Date "2017.04.28"]
[Round "7.10"]
[White "Ciesielski,Marceli"]
[Black "Shah,Bhaven Jay"]
[Result "0-1"]
[WhiteElo "1366"]
[BlackElo "1699"]

1.d4 c5 2.d5 Nf6 3.c4 b5 4.cxb5 a6 5.bxa6 g6 6.Nc3 Bxa6 7.Nf3 d6 8.g3 Bg7
9.Bg2 O-O 10.Rb1 Nbd7 11.O-O Qa5 12.Bd2 Rfb8 13.b3 Ra7 14.Re1 Rab7 15.Qc2 Qc7
16.e4 Ng4 17.h3 Nge5 18.Nxe5 Nxe5 19.f4 Bd3 20.Qc1 Bxb1 21.fxe5 Bd3 22.e6 Rf8
23.Bh6 c4 24.Bxg7 Kxg7 25.Qd2 fxe6 26.dxe6 Qc5+ 27.Re3 Qe5 28.Qb2 d5 29.Re1 d4
30.Ne2 c3 31.Qc1 Bxe2 32.Rxe2 d3 33.Rf2 Qd4 {#R} 0-1

[Event "World Senior Teams +50"]
[Site "Hersonissos GRE"]
[Date "2017.04.28"]
[Round "5.1"]
[White "Polyakov,A"]
[Black "Solozhenkin,E"]
[Result "0-1"]
[WhiteElo "2223"]
[BlackElo "2443"]

1.Nf3 Nf6 2.d4 e6 3.g3 d5 4.c4 Be7 5.Bg2 O-O 6.O-O dxc4 7.Ne5 Nc6 8.Nxc6 bxc6
9.Bxc6 Rb8 10.Nc3 Bb7 11.Bxb7 Rxb7 12.e3 c5 13.Qf3 Qa8 14.Qe2 cxd4 15.exd4 Rc8
16.Be3 Bb4 17.Rfc1 Bxc3 18.Rxc3 Nd5 19.Rc2 c3 20.bxc3 Rxc3 21.Rxc3 Nxc3 22.Qg4
Rb2 23.h4 Qd5 24.h5 f5 25.Qh4 f4 26.Qe7 Ne2+ 27.Kh2 Qxh5+ {#R} 0-1

[Event "World Senior Teams +50"]
[Site "Hersonissos GRE"]
[Date "2017.04.28"]
[Round "5.2"]
[White "Galdunts,S"]
[Black "Zilberman,Y"]
[Result "1-0"]
[WhiteElo "2430"]
[BlackElo "2430"]

1.e4 e5 2.Nf3 Nc6 3.Bb5 a6 4.Ba4 Nf6 5.O-O Be7 6.Re1 b5 7.Bb3 d6 8.c3 O-O 9.h3
h6 10.d3 Re8 11.Nbd2 Bf8 12.Nf1 Na5 13.Bc2 c5 14.Ng3 Nc6 15.d4 cxd4 16.cxd4
Bd7 17.d5 Nb4 18.Bb1 a5 19.Be3 a4 20.Qd2 Na6 21.b4 axb3 22.axb3 Nc5 23.Bc2 Qc7
24.Rec1 Rxa1 25.Rxa1 Rc8 26.Ne1 Be7 27.Ra3 Qb7 28.Kh2 Nh7 29.Ne2 Bg5 30.b4
Bxe3 31.Rxe3 Na4 32.Rg3 Nf6 33.f4 exf4 34.Nxf4 Re8 35.Nf3 Nb6 36.Qd4 Kf8
37.Rxg7 Kxg7 38.Nh5+ Kf8 39.Qxf6 Qc7 40.Qxh6+ Ke7 41.Qf6+ Kf8 42.Ng5 {#r} 1-0

[Event "World Senior Teams +50"]
[Site "Hersonissos GRE"]
[Date "2017.04.28"]
[Round "5.3"]
[White "Rantanen,Y"]
[Black "Short,N"]
[Result "0-1"]
[WhiteElo "2292"]
[BlackElo "2683"]

1.e4 e6 2.d4 d5 3.Nd2 c5 4.exd5 Qxd5 5.Ngf3 cxd4 6.Bc4 Qd6 7.O-O Nf6 8.Re1 Nc6
9.Ne4 Qd8 10.Bf4 Be7 11.Qd3 O-O 12.Rad1 Nd5 13.Neg5 g6 14.Bc1 Bf6 15.h4 e5
16.Ne4 Bg7 17.Bg5 f6 18.Nxf6+ Bxf6 19.Qe4 Be6 20.Bxf6 Rxf6 21.Ng5 Nc7 22.Nxe6
Nxe6 23.f4 Kg7 {#R} 0-1

[Event "World Senior Teams +50"]
[Site "Hersonissos GRE"]
[Date "2017.04.28"]
[Round "5.3"]
[White "Nunn,J"]
[Black "Salonen,J"]
[Result "1-0"]
[WhiteElo "2600"]
[BlackElo "2174"]

1.e4 c5 2.Nf3 Nc6 3.d4 cxd4 4.Nxd4 Nf6 5.Nc3 e5 6.Ndb5 d6 7.Bg5 a6 8.Na3 b5
9.Nd5 Be7 10.Bxf6 Bxf6 11.c3 O-O 12.Nc2 Rb8 13.h4 g6 14.g3 Bg7 15.h5 Be6
16.Bh3 Bxd5 17.Qxd5 Ne7 18.Qd3 d5 19.hxg6 hxg6 20.O-O-O dxe4 21.Qxe4 Qc7
22.Rd7 Qc6 23.Qxc6 Nxc6 24.Rd6 Rb6 25.Bd7 {#r} 1-0

[Event "World Senior Teams +50"]
[Site "Hersonissos GRE"]
[Date "2017.04.28"]
[Round "5.3"]
[White "Arkell,K"]
[Black "Meskanen,V"]
[Result "1-0"]
[WhiteElo "2411"]
[BlackElo "2052"]

1.d4 Nf6 2.Nf3 g6 3.c4 Bg7 4.Nc3 d5 5.cxd5 Nxd5 6.g3 O-O 7.Bg2 c5 8.O-O cxd4
9.Nxd4 Nxc3 10.bxc3 Qa5 11.Qb3 Nd7 12.Ba3 Bf6 13.Bb4 Qh5 14.f4 Nb6 15.e4 Re8
16.e5 Bg7 17.a4 Bh3 18.a5 Bxg2 19.Kxg2 Nd7 20.e6 fxe6 21.Qxe6+ Kh8 22.Qxd7
Rad8 23.Qe6 {#r} 1-0

[Event "World Senior Teams +50"]
[Site "Hersonissos GRE"]
[Date "2017.04.28"]
[Round "5.4"]
[White "Hrisanthopoulos,D"]
[Black "Lewis,An"]
[Result "1-0"]
[WhiteElo "1996"]
[BlackElo "2245"]

1.e4 c5 2.Nf3 Nc6 3.d4 cxd4 4.Nxd4 Nf6 5.Nc3 d6 6.Bg5 e6 7.Qd2 a6 8.O-O-O Bd7
9.f4 h6 10.Bh4 g5 11.fxg5 Ng4 12.Be2 Nge5 13.Nf3 Be7 14.Bf2 hxg5 15.Na4 b5
16.Nb6 Rb8 17.Nxd7 Nxd7 18.Bg3 e5 19.h3 Nc5 20.Bd3 Qc7 21.Kb1 Rg8 22.Nh2 Nd4
23.Ng4 Qc6 24.Rhf1 b4 25.Qf2 Rf8 26.Nxe5 dxe5 27.Bxe5 Nb5 28.Bxb8 Nc3+ 29.Ka1
Nxd1 30.Rxd1 Ne6 31.Be5 f6 32.Bg3 Bc5 33.Qf5 Ke7 34.Bc4 Nd4 35.Qh7+ Ke8
36.Qg6+ Ke7 37.e5 Bb6 38.Qg7+ Ke8 39.Qg6+ Ke7 40.Qh7+ Kd8 41.e6 Kc8 42.Bxa6+
{#r} 1-0

[Event "World Senior Teams +50"]
[Site "Hersonissos GRE"]
[Date "2017.04.28"]
[Round "5.4"]
[White "Dunn,An1"]
[Black "Sideris,N"]
[Result "1-0"]
[WhiteElo "2190"]
[BlackElo "1975"]

1.d4 Nf6 2.Nf3 e6 3.e3 c5 4.Bd3 Nc6 5.O-O d5 6.c3 Be7 7.Nbd2 O-O 8.Qe2 Qb6
9.dxc5 Bxc5 10.e4 dxe4 11.Nxe4 Nxe4 12.Qxe4 f5 13.Qe2 Be7 14.Re1 Bf6 15.Bc4
Kh8 16.Bg5 e5 17.Bxf6 gxf6 18.Nh4 e4 19.Qh5 Ne5 20.Bb3 Be6 21.Bxe6 Qxe6
22.Qxf5 Qxf5 23.Nxf5 Nd3 24.Rxe4 Nxb2 25.Rb1 Rfd8 26.Rd4 Rxd4 27.cxd4 Rc8
28.g4 Rc2 29.d5 h5 30.d6 Rd2 31.d7 hxg4 32.d8=Q+ Rxd8 33.Rxb2 b6 34.Rb4 Rd5
35.Rf4 {#r} 1-0

[Event "World Senior Teams +50"]
[Site "Hersonissos GRE"]
[Date "2017.04.28"]
[Round "5.4"]
[White "Pappas,K"]
[Black "Burnett,J"]
[Result "1-0"]
[WhiteElo "1969"]
[BlackElo "2075"]

1.Nf3 d5 2.d4 e6 3.Bg5 Nf6 4.e3 Be7 5.Nbd2 h6 6.Bh4 O-O 7.Bd3 b6 8.Ne5 Bb7
9.O-O c5 10.c3 Nbd7 11.f4 Ne4 12.Bxe7 Qxe7 13.Ndf3 Rfd8 14.Qa4 Nf8 15.Ba6 Rdc8
16.Rad1 c4 17.Kh1 f6 18.Bxb7 Qxb7 19.Ng4 a5 20.Qc2 b5 21.Nd2 Nd6 22.Rde1 Rab8
23.Rf3 b4 24.Rb1 Rc6 25.Rg3 Kf7 26.e4 h5 27.exd5 exd5 28.Ne3 Rb6 29.cxb4 Rxb4
30.Nd1 Nb5 31.Nf3 Qe7 32.Qf5 Qe4 33.Ng5+ {#r} 1-0

[Event "World Senior Teams +50"]
[Site "Hersonissos GRE"]
[Date "2017.04.28"]
[Round "5.5"]
[White "Wagner Michel,A"]
[Black "Denk,A"]
[Result "0-1"]
[WhiteElo "2124"]
[BlackElo "2268"]

1.e4 d6 2.d4 Nf6 3.Nc3 g6 4.f4 Bg7 5.Nf3 O-O 6.Bd3 Nbd7 7.e5 Ne8 8.Ne4 c5 9.c3
cxd4 10.cxd4 Nb6 11.Nf2 Be6 12.O-O Rc8 13.Bd2 Nc7 14.Qe2 Qd7 15.h3 f5 16.Rfe1
Bd5 17.Ba5 Ne6 18.Bxb6 Nxf4 19.Qd1 Nxd3 20.Nxd3 axb6 21.Nb4 Bxf3 22.gxf3 dxe5
23.dxe5 Qe6 24.Qd5 Kf7 25.Qxb7 Rc4 26.Nd3 Rd8 27.b3 Rcd4 28.Nf2 Bh6 29.Re2
R8d7 30.Qa6 Kg7 31.Rae1 Bf4 32.Qc8 Qd5 33.Qc3 e6 34.Kg2 Bd2 35.Rxd2 Rxd2 36.b4
Qxa2 37.Rf1 b5 38.Qe3 Qd5 39.Re1 Qd4 {#R} 0-1

[Event "World Senior Teams +50"]
[Site "Hersonissos GRE"]
[Date "2017.04.28"]
[Round "5.6"]
[White "Strutinskaya,G"]
[Black "Cordes,HJ"]
[Result "0-1"]
[WhiteElo "2293"]
[BlackElo "2231"]

1.d4 e6 2.Nf3 d5 3.Bf4 c5 4.e3 Nf6 5.Nbd2 Nc6 6.c3 Bd6 7.Bg3 a6 8.Bd3 O-O
9.Qe2 b5 10.e4 Be7 11.dxc5 Bxc5 12.O-O Bb7 13.Bh4 dxe4 14.Nxe4 Be7 15.Rfd1 Qc7
16.Nxf6+ Bxf6 17.Bxf6 gxf6 18.a4 b4 19.Qc2 Qf4 20.Bxh7+ Kh8 21.Be4 Rg8 22.Ne1
bxc3 23.Rd3 Nb4 24.Rh3+ Kg7 25.Rh7+ Kf8 26.Qxc3 Qxe4 27.f3 Qf4 28.Qc5+ Ke8
29.Qb6 Bd5 30.Rd1 Qb8 31.Qf2 Qa7 32.Rd4 Nc6 33.Rd2 Qxf2+ 34.Kxf2 Rb8 35.Nd3
Ke7 36.Nc5 a5 37.h4 Ne5 38.Na6 Rxb2 {#R} 0-1

[Event "World Senior Teams +50"]
[Site "Hersonissos GRE"]
[Date "2017.04.28"]
[Round "5.6"]
[White "Jakel,W"]
[Black "Bogumil,T"]
[Result "1-0"]
[WhiteElo "2218"]
[BlackElo "2173"]

1.e4 e5 2.f4 exf4 3.Nf3 d6 4.d4 Nf6 5.Nc3 Be7 6.Bxf4 O-O 7.Qd2 a6 8.Bd3 c6
9.a4 a5 10.O-O Na6 11.Rae1 Nb4 12.Bc4 d5 13.Bb3 dxe4 14.Nxe4 Nxe4 15.Rxe4 Bf6
16.Be5 Bxe5 17.Rxe5 h6 18.Qf4 Nd5 19.Qg3 Qd6 20.Nd2 Be6 21.c3 Kh8 22.Ne4 Qc7
23.Bc2 Ne7 24.Nc5 Bc4 25.Rfe1 Ng6 26.Bxg6 fxg6 27.Qxg6 b6 28.Ne4 Bf7 29.Qg3
Rad8 30.Rf1 Bb3 31.Rxf8+ Rxf8 32.Rf5 Qc8 33.Nd6 Qd8 34.Qe5 Rxf5 35.Nxf5 Qd7
36.Ne7 Bd5 37.Ng6+ Kg8 38.Qb8+ {#r} 1-0

[Event "World Senior Teams +50"]
[Site "Hersonissos GRE"]
[Date "2017.04.28"]
[Round "5.6"]
[White "Fatalibekova,E"]
[Black "Hoehn,M"]
[Result "0-1"]
[WhiteElo "2254"]
[BlackElo "2052"]

1.e4 d6 2.d4 g6 3.c4 Bg7 4.Nc3 Nd7 5.Nf3 e6 6.g3 Ne7 7.Bg2 O-O 8.O-O a6 9.Qe2
Rb8 10.d5 e5 11.b4 h6 12.Nd2 f5 13.Nb3 b6 14.f3 Nf6 15.c5 fxe4 16.fxe4 Bg4
17.Qxa6 Ra8 18.Qd3 Qc8 19.Nb5 bxc5 20.bxc5 dxc5 21.Be3 Bh3 22.Bxc5 Bxg2
23.Kxg2 Qd7 24.a4 Rfd8 25.Qc4 Kh8 26.d6 cxd6 27.Nxd6 Rdb8 28.Nf7+ Kh7 29.Nd6
Nc6 30.Rf3 Nd4 31.Nxd4 exd4 32.e5 Rb2+ 33.Rf2 Rxf2+ 34.Kxf2 Ng4+ 35.Kg1 Nxe5
36.Qd5 Rf8 37.Rf1 Rxf1+ 38.Kxf1 d3 39.Qe4 Qh3+ 40.Ke1 Qxh2 41.Qe3 Qc2 42.Ne4
Qb1+ {#R} 0-1

[Event "World Senior Teams +65"]
[Site "Hersonissos GRE"]
[Date "2017.04.28"]
[Round "5.1"]
[White "Seret,JL"]
[Black "Zhelnin,V"]
[Result "0-1"]
[WhiteElo "2381"]
[BlackElo "2455"]

1.e4 c5 2.Nf3 d6 3.c3 Nf6 4.Bd3 Nc6 5.Bc2 Bg4 6.h3 Bxf3 7.Qxf3 g6 8.O-O Bg7
9.d3 O-O 10.Nd2 b5 11.a3 Nd7 12.Qd1 Rc8 13.Nf3 Qc7 14.Be3 a5 15.Qd2 a4 16.Bh6
Nb6 17.Nh2 d5 18.Rae1 d4 19.Bxg7 Kxg7 20.f4 f6 21.h4 dxc3 22.bxc3 b4 23.axb4
cxb4 24.cxb4 Nd4 25.Bb1 Qc3 26.Qe3 Qxb4 27.f5 gxf5 28.exf5 Nd5 29.Qf2 Kh8
30.Re4 Nc3 31.Rg4 Rg8 {#R} 0-1

[Event "World Senior Teams +65"]
[Site "Hersonissos GRE"]
[Date "2017.04.28"]
[Round "5.2"]
[White "Ager,J"]
[Black "Baum,B"]
[Result "0-1"]
[WhiteElo "2132"]
[BlackElo "2226"]

1.Nf3 c5 2.c4 Nc6 3.Nc3 e5 4.e3 f5 5.d4 e4 6.Ng1 d6 7.d5 Ne5 8.f4 Ng4 9.g3 g6
10.h3 N4f6 11.b3 Bg7 12.Bb2 Bd7 13.Qc2 Qe7 14.Nge2 h5 15.h4 Ng4 16.Qd2 N8f6
17.Ng1 O-O 18.Nh3 Rab8 19.Ng5 a6 20.a4 b6 21.Be2 Nh7 22.Nh3 Rfe8 23.O-O Nxe3
24.Rfe1 Ng4 25.Kh1 Bf6 26.Ng5 Nxg5 27.hxg5 Bd4 28.Kg2 Qg7 29.Rab1 Kf7 30.Nd1
Rh8 31.Rh1 Rbe8 32.Rh4 Re7 33.Ba3 Rhe8 34.b4 Bxa4 35.bxc5 bxc5 36.Rb6 Bxd1
37.Bxd1 Ne3+ 38.Kh1 Nxc4 {#R} 0-1

[Event "World Senior Teams +65"]
[Site "Hersonissos GRE"]
[Date "2017.04.28"]
[Round "5.2"]
[White "Haubt,G"]
[Black "Danner,L"]
[Result "1-0"]
[WhiteElo "2179"]
[BlackElo "2043"]

1.d4 f5 2.Bg5 h6 3.Bf4 Nf6 4.Nc3 d6 5.h4 g6 6.e3 Bg7 7.Qf3 O-O 8.Bc4+ e6 9.Nh3
Qe7 10.Bh2 Kh7 11.Nf4 d5 12.Be2 h5 13.Qg3 Qf7 14.Nh3 Bh6 15.Qxc7 Nc6 16.Ng5+
Bxg5 17.hxg5 Qxc7 18.Bxc7 Ne4 19.Nxe4 dxe4 20.O-O-O Kg7 21.c4 Rf7 22.Bf4 Bd7
23.Kb1 Rc8 24.f3 Nd8 25.Be5+ Kf8 26.fxe4 fxe4 27.Bf6 Rh7 28.Rh4 Nf7 29.g4 Nd6
30.b3 Be8 31.c5 Nb5 32.Kb2 Nc7 33.gxh5 gxh5 34.Rxe4 h4 35.Be5 Bg6 36.Rf4+ Ke7
37.e4 h3 38.Rh1 Ne8 39.Rh2 b6 40.Ba6 Rd8 41.c6 {#r} 1-0

[Event "World Senior Teams +65"]
[Site "Hersonissos GRE"]
[Date "2017.04.28"]
[Round "5.3"]
[White "Lederman,L"]
[Black "Wademark,H"]
[Result "1-0"]
[WhiteElo "2276"]
[BlackElo "2037"]

1.e4 e6 2.d4 d5 3.Nc3 Nf6 4.Bg5 Bb4 5.e5 h6 6.Be3 Ne4 7.Qg4 Kf8 8.Ne2 c5 9.f3
cxd4 10.Bxd4 Nxc3 11.Bxc3 Bxc3+ 12.Nxc3 a6 13.f4 Nc6 14.O-O-O Bd7 15.h4 Rc8
16.h5 Qb6 17.Nxd5 Qc5 18.Nc3 Rc7 19.Bd3 Nb4 20.Rh3 Nxd3+ 21.Rhxd3 Be8 22.a3
Rg8 23.Qe2 g6 24.Ne4 Qe7 25.Nf6 Rh8 26.Rd6 Kg7 27.hxg6 fxg6 28.Qg4 Bf7 29.Rd7
Qc5 30.Rxc7 Qxc7 31.Rd7 Qc4 32.b3 Qc6 33.Nh5+ Kg8 34.Rd8+ Kh7 35.Nf6+ Kg7
36.Rxh8 Kxh8 37.Qh4 h5 38.Qg5 Qc3 39.Qh6# 1-0

[Event "World Senior Teams +65"]
[Site "Hersonissos GRE"]
[Date "2017.04.28"]
[Round "5.4"]
[White "Uddenfeldt,D"]
[Black "Stebbings,A"]
[Result "0-1"]
[WhiteElo "2359"]
[BlackElo "2294"]

1.Nf3 c5 2.g3 Nc6 3.Bg2 g6 4.e4 Bg7 5.O-O e5 6.d3 Nge7 7.c3 O-O 8.Nh4 d5 9.Nd2
Be6 10.f4 exf4 11.gxf4 dxe4 12.dxe4 f5 13.exf5 gxf5 14.Qe2 Bd5 15.Ndf3 Qd6
16.Be3 b6 17.Rfd1 Qf6 18.Ng5 Rad8 19.Bxd5+ Nxd5 20.Qf3 Nde7 21.Rxd8 Rxd8
22.Rd1 Rxd1+ 23.Qxd1 h6 24.Qb3+ Kh8 25.Ngf3 Na5 26.Qb5 Qc6 27.Qd3 Qe6 28.b4
Nc4 29.Bf2 cxb4 30.cxb4 Qe4 31.Qd1 Kh7 32.Qd7 Bf6 33.Nd4 Ne3 34.Ndf3 Qxf4
35.h3 Nd5 36.Qxa7 Qxb4 37.Qd7 Qb1+ {#R} 0-1

[Event "World Senior Teams +65"]
[Site "Hersonissos GRE"]
[Date "2017.04.28"]
[Round "5.4"]
[White "Ashby,Ant"]
[Black "Hammar,B"]
[Result "0-1"]
[WhiteElo "2080"]
[BlackElo "2165"]

1.d4 Nf6 2.Bg5 g6 3.Bxf6 exf6 4.e3 f5 5.Ne2 d6 6.Nf4 Nd7 7.h4 Nf6 8.Nc3 c6
9.Bc4 b5 10.Bd3 d5 11.a4 b4 12.Nce2 Bd6 13.c4 bxc3 14.bxc3 O-O 15.g3 Re8 16.c4
Qa5+ 17.Kf1 dxc4 18.Bxc4 Ng4 19.Qb3 Re7 20.Rc1 Rb8 21.Qa2 Rb4 22.Nc3 Rxc4
23.Qxc4 Ba6 24.Nb5 cxb5 25.Qa2 bxa4+ 26.Kg1 Bb7 27.Rh3 Rc7 {#R} 0-1

[Event "49th Italian Teams 2017"]
[Site "Gallipoli ITA"]
[Date "2017.04.28"]
[Round "2.1"]
[White "Vocaturo,D"]
[Black "Collutiis,D"]
[Result "1-0"]
[WhiteElo "2594"]
[BlackElo "2409"]

1.e4 e5 2.Nf3 Nc6 3.d4 exd4 4.Nxd4 Bb4+ 5.c3 Bc5 6.Nxc6 bxc6 7.Bd3 Qh4 8.Qe2
d6 9.Be3 Bxe3 10.Qxe3 Nf6 11.Nd2 O-O 12.Nf3 Qh5 13.O-O Re8 14.Qf4 Qg4 15.Qxg4
Bxg4 16.Nd2 Rab8 17.f3 Be6 18.b4 Nd7 19.Rfe1 g5 20.Bf1 Kg7 21.Nb3 c5 22.bxc5
Nxc5 23.Nxc5 dxc5 24.Reb1 Rb6 25.a4 Reb8 26.Rb5 c4 27.Rxg5+ {#r} 1-0

[Event "49th Italian Teams 2017"]
[Site "Gallipoli ITA"]
[Date "2017.04.28"]
[Round "2.2"]
[White "Codenotti,M"]
[Black "Rombaldoni,D"]
[Result "1-0"]
[WhiteElo "2465"]
[BlackElo "2479"]

1.e4 c6 2.Nc3 d5 3.d4 dxe4 4.Nxe4 Nd7 5.Nf3 Ngf6 6.Nxf6+ Nxf6 7.c3 Bg4 8.h3
Bh5 9.g4 Bg6 10.Ne5 Qd5 11.f3 Nd7 12.Bc4 Qd6 13.Qe2 h5 14.Bf4 Nxe5 15.dxe5 Qc7
16.O-O-O e6 17.Bg5 Be7 18.Bxe7 Qxe7 19.Rhf1 hxg4 20.hxg4 Rd8 21.f4 Rxd1+
22.Rxd1 Rh3 23.Qf2 Qc7 24.f5 exf5 25.gxf5 Bh5 26.Qg2 Rh4 27.Qxg7 Rxc4 28.Rd6
Qxd6 29.exd6 Re4 30.Qh8+ {#r} 1-0

[Event "49th Italian Teams 2017"]
[Site "Gallipoli ITA"]
[Date "2017.04.28"]
[Round "2.2"]
[White "Shytaj,L"]
[Black "Colmenares,A"]
[Result "1-0"]
[WhiteElo "2456"]
[BlackElo "2377"]

1.d4 Nf6 2.c4 c6 3.Bf4 d5 4.e3 e6 5.Nc3 Nbd7 6.cxd5 exd5 7.Bd3 Be7 8.h3 Nf8
9.Nf3 Ng6 10.Bh2 a5 11.O-O O-O 12.Qc2 Kh8 13.Rad1 b6 14.Ne5 Nxe5 15.dxe5 Nd7
16.Bxh7 Nc5 17.Bf5 b5 18.Ne2 Qb6 19.Nd4 Ba6 20.Rc1 b4 21.Rfd1 a4 22.Bg4 b3
23.axb3 axb3 24.Qb1 Bc4 25.Nf5 Rfe8 26.Bf4 Qa6 27.Nxe7 Bd3 28.Rxd3 Qxd3
29.Nxc6 Ra2 30.Nd4 Qxb1 31.Rxb1 Rea8 32.e6 fxe6 33.Bxe6 Ra1 34.Rxa1 Rxa1+
35.Kh2 Ra2 36.Bxd5 Rxb2 37.Bd6 Nd3 38.Bxb3 Nxf2 39.Bc2 Ra2 40.Bg3 {#r} 1-0

[Event "49th Italian Teams 2017"]
[Site "Gallipoli ITA"]
[Date "2017.04.28"]
[Round "2.4"]
[White "Bove,A"]
[Black "Calavalle,G"]
[Result "1-0"]
[WhiteElo "2315"]
[BlackElo "2247"]

1.d4 Nf6 2.c4 e6 3.g3 d5 4.Bg2 Bb4+ 5.Bd2 Be7 6.Nf3 O-O 7.O-O b6 8.Na3 Bb7
9.Rc1 c5 10.dxc5 bxc5 11.cxd5 exd5 12.Nh4 Qd7 13.Bg5 Na6 14.Nc4 Rad8 15.Ne5
Qe6 16.Nd3 h6 17.Be3 g5 18.Nf3 d4 19.Bd2 c4 20.Nde1 Ne4 21.Ba5 Rd5 22.Nxd4 Qe5
23.Bc3 Bc5 24.e3 Rfd8 25.Nec2 Bf8 26.Qe2 Nac5 27.Nb4 R5d6 28.Qxc4 Nxc3 29.Bxb7
N5e4 30.bxc3 Nd2 31.Qe2 Nxf1 32.Nbc6 {#r} 1-0

[Event "10th Italian Teams w 2017"]
[Site "Gallipoli ITA"]
[Date "2017.04.28"]
[Round "1.1"]
[White "Fierro Baquero,M"]
[Black "Esposito,Francesca"]
[Result "1-0"]
[WhiteElo "2365"]
[BlackElo "1501"]

1.e4 e5 2.Nf3 Nc6 3.Bb5 d6 4.d4 exd4 5.Nxd4 Bd7 6.O-O Nf6 7.Re1 Nxd4 8.Bxd7+
Qxd7 9.Qxd4 Be7 10.c4 O-O 11.Nc3 a6 12.b3 Rfe8 13.Bb2 c6 14.Rad1 Rad8 15.h3
Qc7 16.Qe3 h6 17.Qg3 b5 18.cxb5 axb5 19.Rc1 Qd7 20.Ne2 Nh5 21.Qf3 Bf6 22.Bd4
Bg5 23.Qxh5 Bxc1 24.Nxc1 Qe6 25.Re3 f6 26.Nd3 Qf7 27.Qd1 Qb7 28.Rg3 Rf8 29.Be3
Qe7 30.Bxh6 Rf7 31.Qg4 Rd7 32.Be3 Kf8 33.Nf4 Ke8 34.Ne6 g5 35.h4 gxh4 36.Rh3
Rb7 37.Rxh4 Kd7 38.Nc5+ Kc7 39.Nxb7 Kxb7 40.Rh8 Rf8 41.Rxf8 Qxf8 42.Qd7+ {#r}
1-0

[Event "10th Italian Teams w 2017"]
[Site "Gallipoli ITA"]
[Date "2017.04.28"]
[Round "1.1"]
[White "De Grazia,Marialaura"]
[Black "Gueci,Tea"]
[Result "1-0"]
[WhiteElo "1463"]
[BlackElo "2132"]

1.e4 c5 2.d4 cxd4 3.Qxd4 Nc6 4.Qd1 e6 5.Nc3 Nf6 6.Bg5 Be7 7.Nf3 Qa5 8.Bd3 Nxe4
9.Bxe4 Bxg5 10.O-O Bf6 11.Qd2 O-O 12.a3 d5 13.b4 Qc7 14.Bd3 Ne5 15.Nb5 Qb8
16.c3 Nxf3+ 17.gxf3 e5 18.c4 Bh3 19.Rfe1 e4 20.fxe4 dxc4 {#r} 1-0

[Event "10th Italian Teams w 2017"]
[Site "Gallipoli ITA"]
[Date "2017.04.28"]
[Round "1.1"]
[White "Gueci,Laura"]
[Black "Tomasiello,Ileana"]
[Result "0-1"]
[WhiteElo "2020"]
[BlackElo "1498"]

1.c4 c5 2.Nc3 Nc6 3.g3 Nf6 4.Bg2 g6 5.a3 Bg7 6.Rb1 a5 7.Nf3 O-O 8.O-O d6 9.d3
e6 10.Bg5 d5 11.Qc1 dxc4 12.dxc4 Nd4 13.Rd1 Nxf3+ 14.Bxf3 Qe8 15.Qe3 Nd7
16.Nb5 {#R} 0-1

[Event "10th Italian Teams w 2017"]
[Site "Gallipoli ITA"]
[Date "2017.04.28"]
[Round "1.1"]
[White "Cefalo,Maria Pia"]
[Black "Goi,V"]
[Result "1-0"]
[WhiteElo "1291"]
[BlackElo "1898"]

1.e4 c5 2.c3 d5 3.exd5 Qxd5 4.d4 cxd4 5.Nf3 e5 6.cxd4 e4 7.Nfd2 Qxd4 8.Nb3
Qxd1+ 9.Kxd1 Nf6 10.Bc4 Bg4+ 11.Be2 Nc6 12.Nc3 Rd8+ 13.Bd2 Be6 14.Re1 Bxb3+
15.axb3 Bc5 16.Rf1 Bxf2 {#r} 1-0

[Event "Reykjavik Open 2017"]
[Site "Reykjavik ISL"]
[Date "2017.04.27"]
[Round "10.1"]
[White "Giri,A"]
[Black "L'Ami,E"]
[Result "1-0"]
[WhiteElo "2771"]
[BlackElo "2614"]

1.Nf3 Nf6 2.d4 e6 3.g3 b5 4.Bg5 Bb7 5.Nbd2 d5 6.e3 a6 7.a4 b4 8.Nb3 Nbd7 9.Na5
Qc8 10.Bxf6 Nxf6 11.c4 dxc4 12.Nxb7 Qxb7 13.Bg2 c3 14.bxc3 bxc3 15.O-O Bb4
16.Ne5 Nd5 17.a5 Rb8 18.Qa4+ Qb5 19.Bxd5 exd5 20.Nc6 O-O 21.Rfb1 Qc4 22.Rxb4
Rxb4 23.Nxb4 Rb8 24.Nc2 Qe2 25.Ne1 h6 26.Qc2 Qc4 27.Nd3 Rb3 28.Kg2 g6 29.Nc5
Rb2 30.Qd3 {#r} 1-0

[Event "Reykjavik Open 2017"]
[Site "Reykjavik ISL"]
[Date "2017.04.27"]
[Round "10.4"]
[White "Vidit,S"]
[Black "Van Foreest,Jorden"]
[Result "0-1"]
[WhiteElo "2670"]
[BlackElo "2584"]

1.Nf3 d5 2.g3 g6 3.Bg2 Bg7 4.d4 Nd7 5.a4 a5 6.O-O Ngf6 7.Na3 O-O 8.c4 c6 9.Bf4
dxc4 10.Nxc4 Nb6 11.Nce5 Ne4 12.Qc1 Nd6 13.Re1 Be6 14.e4 Ndc4 15.Qc3 Nxe5
16.Bxe5 Bxe5 17.dxe5 Qc7 18.Ng5 Nd7 19.f4 Qb6+ 20.Kh1 Qb4 21.Qf3 Rad8 22.f5
Nxe5 23.Qf4 Nd3 24.Qh4 h5 25.Rf1 Bc4 26.g4 Qxb2 27.gxh5 gxf5 28.Rab1 Qd4
29.Rxf5 f6 30.Nh3 b5 31.axb5 cxb5 32.Nf2 Nxf2+ 33.Rxf2 Kh8 34.Qf4 Rf7 35.Bh3
Rg7 36.Bf5 Qd1+ 37.Rf1 Qd2 38.Qxd2 Rxd2 39.Rfc1 Rgg2 {#R} 0-1

[Event "Reykjavik Open 2017"]
[Site "Reykjavik ISL"]
[Date "2017.04.27"]
[Round "10.7"]
[White "Pigott,J"]
[Black "Shirov,A"]
[Result "1-0"]
[WhiteElo "2381"]
[BlackElo "2693"]

1.e4 c5 2.Nf3 Nc6 3.Bb5 d6 4.O-O Bd7 5.Re1 a6 6.Bf1 Bg4 7.d3 Nf6 8.Nbd2 e6
9.h3 Bh5 10.c3 Be7 11.g4 Bg6 12.Nh4 Nd7 13.Ng2 h5 14.Nf4 Nde5 15.gxh5 Bh7
16.Nb3 Bh4 17.Ng2 Qf6 18.Nxh4 Qxh4 19.Re3 f5 20.d4 f4 21.Re1 Bg6 22.hxg6 Rh6
23.Bxf4 Qxf4 24.dxe5 Rxg6+ 25.Bg2 Qg5 26.Qg4 {#r} 1-0

[Event "Reykjavik Open 2017"]
[Site "Reykjavik ISL"]
[Date "2017.04.27"]
[Round "10.17"]
[White "Hjartarson,J"]
[Black "Thorfinnsson,Bj"]
[Result "1-0"]
[WhiteElo "2536"]
[BlackElo "2413"]

1.e4 e5 2.Nf3 Nc6 3.Bb5 f5 4.Nc3 fxe4 5.Nxe4 d5 6.Nxe5 dxe4 7.Nxc6 Qg5 8.Qe2
Nf6 9.f4 Qxf4 10.d4 Qh4+ 11.g3 Qh3 12.Nxa7+ Bd7 13.Bxd7+ Qxd7 14.Nb5 Bb4+
15.c3 Be7 16.b4 O-O 17.O-O c6 18.Na3 Nd5 19.Rxf8+ Bxf8 20.Nb1 Nxb4 21.Nd2 Nc2
22.Rb1 Nxd4 23.cxd4 Qxd4+ 24.Kh1 Rxa2 25.Qxe4 Qxe4+ 26.Nxe4 Re2 27.Nc3 Rc2
28.Nd1 b5 29.Bf4 Ba3 30.Ne3 Rc1+ 31.Rxc1 Bxc1 32.Kg2 g5 33.Bxg5 b4 34.Bf4 b3
35.Nc4 b2 36.Na3 Bxf4 37.gxf4 Kf7 38.Kf3 Kf6 39.Ke4 Ke6 40.f5+ {#r} 1-0

[Event "Reykjavik Open 2017"]
[Site "Reykjavik ISL"]
[Date "2017.04.27"]
[Round "10.21"]
[White "Henderson de La Fuente,Lance"]
[Black "Perelshteyn,E"]
[Result "0-1"]
[WhiteElo "2372"]
[BlackElo "2509"]

1.e4 c5 2.Nf3 g6 3.c4 Bg7 4.d4 Qb6 5.Nc3 cxd4 6.Nd5 Qa5+ 7.b4 Qd8 8.Bg5 Nf6
9.Be2 O-O 10.O-O Nc6 11.b5 Na5 12.Nxd4 Re8 13.Qd3 b6 14.f4 Bb7 15.Bf3 Nxd5
16.cxd5 Qb8 17.Rac1 h6 18.Bh4 Qxf4 19.Bg3 Qg5 20.Be2 e5 21.Nb3 Nxb3 22.axb3
Rec8 23.Ra1 h5 24.h4 Qe7 25.Ra4 d6 26.Rfa1 Bf6 27.Bf2 Bxh4 28.g3 Bg5 29.Rxa7
Qc7 30.Rxa8 Rxa8 31.Ra6 Bd8 32.Kg2 Qc8 33.b4 Kg7 34.Kh2 f5 35.exf5 Qxf5
36.Qxf5 gxf5 37.Bxb6 Bxa6 38.Bxd8 Bxb5 39.Bxb5 Rxd8 40.Bc6 Kf6 41.b5 Rg8 42.b6
Rg4 {#R} 0-1